| 000 | 00693nam a22001817a 4500 | ||
|---|---|---|---|
| 999 |
_c60758 _d60758 |
||
| 005 | 20231019111735.0 | ||
| 008 | 231019s1974 ru ||||| |||| 00| 0 rus d | ||
| 041 | _arus | ||
| 080 | _a902(4-15) M-77 | ||
| 100 |
_aМонгайт, А.Л. _920123 |
||
| 245 |
_aАрхеология Западной Европы : _bБронзовый и железный века / _cА.Л. Монгайт. |
||
| 264 |
_aМосква : _bНаука, _c1974. |
||
| 300 |
_a428 с.: _bил.; _c24 см. |
||
| 653 | _aდასავლეთ ევროპის არქეოლოგია | ||
| 653 | _aᲑრინჯაოს ხანა | ||
| 653 | _aᲠკინის ხანა | ||
| 942 |
_2udc _cBK |
||